[Event "ESP-chT"]
[Site "Salamanca"]
[Date "1998.??.??"]
[Round "7"]
[White "Lopez Colon, Francisco"]
[Black "Garcia Ilundain, David"]
[Result "1/2-1/2"]
[WhiteElo "2250"]
[BlackElo "2485"]

1.d4 Nf6 2.c4 e6 3.Nf3 Bb4+ 4.Bd2 a5 5.g3 d6 6.Bg2 Nbd7 7.O-O e5 8.Nc3 exd4
9.Nxd4 O-O 10.Nd5 Nxd5 11.cxd5 Bc5 12.Bc3 Re8 13.Qc2 Nf6 14.Nb3 Bb6 15.Bd4 Bxd4
16.Nxd4 Nd7 17.Rac1 Nc5 18.h3 Bd7 19.b3 Qf6 20.Rfd1 b5 21.a3 b4 22.axb4 axb4
23.Qd2 Rab8  1/2-1/2

[Event "San Agustin opJ"]
[Site "San Agustin"]
[Date "1998.??.??"]
[Round "4"]
[White "Andres Gonzalez, Alberto"]
[Black "Horvath, Adam"]
[Result "1/2-1/2"]
[WhiteElo "2195"]
[BlackElo "2425"]

1.d4 Nf6 2.c4 e6 3.Nf3 Bb4+ 4.Bd2 Qe7 5.a3 Bxd2+ 6.Nbxd2 d6 7.e4 e5 8.d5 O-O
9.Be2 Nh5 10.O-O Nf4 11.Re1 a5 12.b4 Na6 13.Nb3 f5 14.Bf1 fxe4 15.Nfd2 Qg5
16.Nxe4 Nh3+ 17.Kh1 Nxf2+ 18.Nxf2 Rxf2 19.Nxa5 Bg4 20.Qc1 Qh5 21.Kg1 Raf8
22.Qe3 Rb2 23.Rab1 Ra2 24.Ra1 Rb2 25.Rab1 Ra2 26.Ra1  1/2-1/2

[Event "Staufer op 10th"]
[Site "Schwaebisch Gmuend"]
[Date "1998.??.??"]
[Round "3"]
[White "Duessel, Udo"]
[Black "Lomineishvili, Maia"]
[Result "0-1"]
[WhiteElo "2110"]
[BlackElo "2335"]

1.d4 Nf6 2.c4 e6 3.Nf3 Bb4+ 4.Bd2 Qe7 5.g3 Bxd2+ 6.Nbxd2 d6 7.Bg2 e5 8.e4 O-O
9.O-O a5 10.Qc2 Na6 11.Qc3 exd4 12.Nxd4 Nc5 13.Rae1 Re8 14.f4 c6 15.b3 Qc7
16.h3 Be6 17.g4 h6 18.Rf2 Re7 19.g5 hxg5 20.f5 Bd7 21.Qg3 Rae8 22.Rfe2 Qb6
23.Qxd6 Nd3 24.c5 Qxc5 25.Qxc5 Nxc5 26.Re3 Kf8 27.e5 Nd5 28.Bxd5 cxd5 29.Rc3 Ne4
30.Nxe4 Rxe5 31.Rc7 Bc6 32.f6 Rxe4 33.fxg7+ Kxg7 34.Nf5+ Kf6 35.Rf1 Re1 36.Nh6+ Rxf1+
37.Kxf1 Ke6 38.Kg1 Rf8 39.Kf2 Rh8 40.Nxf7 Rf8  0-1

[Event "RUS-chJ Girls"]
[Site "Sochi"]
[Date "1998.??.??"]
[Round "?"]
[White "Zhurina, Elizaveta"]
[Black "Slavina, Irina"]
[Result "1/2-1/2"]
[WhiteElo "2215"]
[BlackElo "2265"]

1.d4 Nf6 2.Nf3 e6 3.c4 Bb4+ 4.Bd2 Qe7 5.g3 b6 6.Bg2 Bb7 7.O-O Bxd2 8.Qxd2 O-O
9.Nc3 d5 10.cxd5 exd5 11.e3 Nbd7 12.Rac1 c5 13.dxc5 bxc5 14.Rfd1 Rfd8 15.Qc2 Rac8
16.Qa4 a6 17.Qa5 Nf8 18.Na4 Ne6 19.Ne1 h6 20.Nd3  1/2-1/2

[Event "St Petersburg-ch (Women)"]
[Site "St Petersburg"]
[Date "1998.??.??"]
[Round "?"]
[White "Razuvajeva, Julia"]
[Black "Aseeva, Marina"]
[Result "1/2-1/2"]
[WhiteElo "2115"]
[BlackElo "2140"]

1.d4 Nf6 2.c4 e6 3.Nf3 Bb4+ 4.Bd2 Qe7 5.g3 O-O 6.Bg2 Bxd2+ 7.Qxd2 d6 8.Nc3 c6
9.O-O Nbd7 10.e4 e5 11.Nh4 Nb6 12.b3 Be6 13.f4 exd4 14.Qxd4 Rad8 15.Rae1 Qc7
16.a4 a5 17.Rc1 Nc8 18.Nd5 cxd5 19.cxd5 Qb6 20.Qxb6 Nxb6 21.dxe6 fxe6 22.Rc7 Rd7
23.Rxd7 Nfxd7 24.Rd1 Nc8 25.e5 d5 26.f5 Nxe5 27.fxe6 Ne7 28.Bxd5 g5 29.Ng2 Rd8
30.Ne3 b6 31.Kg2 Kg7 32.Be4 Rxd1 33.Nxd1 h6 34.Ne3 Kf6 35.Bd5 h5 36.h3 Nd3
37.Bc4 Nc5 38.Kf3 Nxe6 39.Bxe6 Kxe6 40.Ke4 Nc8 41.Nc4 g4 42.hxg4 hxg4 43.Ne3 Nd6+
44.Kd4 b5 45.axb5 Nxb5+ 46.Kc5 Nc3 47.Nxg4 a4 48.Kb4 Ne4 49.bxa4 Kd6 50.Kb5 Kc7
51.a5 Nxg3 52.Nf6 Nf5 53.Nd5+ Kb7 54.a6+ Ka7 55.Nb4 Nd6+ 56.Kc5 Nc8 57.Kc6 Ne7+
58.Kb5 Nc8 59.Nc6+ Ka8 60.Kc5 Na7  1/2-1/2

[Event "St Petersburg-ch (Women)"]
[Site "St Petersburg"]
[Date "1998.??.??"]
[Round "?"]
[White "Rakitskaja, M."]
[Black "Sudakova, Irina"]
[Result "1/2-1/2"]
[WhiteElo "2160"]
[BlackElo "2180"]

1.d4 Nf6 2.c4 e6 3.Nf3 Bb4+ 4.Bd2 Qe7 5.Nc3 Bxc3 6.Bxc3 Ne4 7.Qc2 f5 8.g3 b6
9.Bg2 Nxc3 10.Qxc3 Bb7 11.O-O O-O 12.Rad1 d6 13.Rfe1 Nd7 14.d5 e5 15.e4 f4
16.g4 g5 17.b4 h5 18.h3 hxg4 19.hxg4 Qg7 20.Nh2 Kf7 21.Bf1 Rh8 22.Rd3 Rh6
23.f3 Rah8 24.Re2 Bc8 25.Rdd2 R6h7 26.Rc2 Qh6 27.Rg2 Qg7 28.Rgd2 Rh4 29.Qa3 a6
30.c5 dxc5  1/2-1/2

[Event "SVK-chT 9798"]
[Site "SVK"]
[Date "1998.??.??"]
[Round "8"]
[White "Jurica, Peter"]
[Black "Petrik, Stanislav"]
[Result "1-0"]
[WhiteElo "2200"]
[BlackElo "2190"]

1.Nf3 Nf6 2.d4 e6 3.c4 Bb4+ 4.Bd2 Bxd2+ 5.Nbxd2 d5 6.g3 Nbd7 7.Bg2 O-O 8.O-O b6
9.Ne5 Nxe5 10.dxe5 Ng4 11.e4 Nxe5 12.exd5 exd5 13.Bxd5 c6 14.Bg2 Bf5 15.Nf3 Nxc4
16.Qc1 b5 17.b3 Na5 18.Qf4 Bg6 19.Rad1 Qf6 20.Qc7 Bh5 21.Rd3 Rad8 22.Re3 Rde8
23.Qxa5 Rxe3 24.fxe3 Qe7 25.Qc3 Re8 26.e4 c5 27.Rc1 Qxe4 28.Re1 Qc6 29.Rxe8+ Qxe8
30.Qe5 Qxe5 31.Nxe5 f6 32.Bd5+ Kf8 33.g4 Be8 34.Nc6 a6 35.Nb8 Ke7 36.Nxa6 Kd6
37.Be4 Bd7 38.Bf5 Bxf5 39.gxf5 b4 40.Kf2 Kc6 41.Ke3 Kb6 42.Nb8 Kc7 43.Kd3 g5
44.fxg6 hxg6 45.Kc4 Kxb8 46.Kxc5 g5 47.Kxb4 g4 48.Kc3 f5 49.Kd3 f4 50.Ke2 Kc7
51.Kf2 Kb6 52.a4 Ka5 53.Kg2 Kb4 54.Kf2 Ka5 55.Kf1 Kb4 56.Kg2 Ka5 57.h4 gxh3+
58.Kxh3 Kb4 59.Kg4 Kxb3 60.a5  1-0

[Event "Tampere ELO Taraus"]
[Site "Tampere"]
[Date "1998.??.??"]
[Round "7"]
[White "Sammalvuo, Tapani"]
[Black "Kiik, Kalle"]
[Result "1/2-1/2"]
[WhiteElo "2395"]
[BlackElo "2445"]

1.d4 Nf6 2.c4 e6 3.Nf3 Bb4+ 4.Bd2 c5 5.Bxb4 cxb4 6.g3 b6 7.Bg2 Bb7 8.O-O O-O
9.Qd3 d6 10.Nbd2 Nbd7 11.e4 e5 12.Ne1 a5 13.Nc2 Re8 14.Rfe1 Rc8 15.Bh3 Rc7
16.f3 Nb8 17.Red1 Bc8 18.Bf1 Ba6 19.Qe3 Rce7 20.a3 bxa3 21.Qxa3 h5 22.Ne3 exd4
23.Nf5 Rc7 24.Nb3 Bxc4 25.Bxc4 Rxc4 26.Nxd6 Rb4 27.Nxe8 Nxe8 28.Rac1 Nc7
29.Na1 Ne6 30.Nc2 Rc4 31.Ne1 Rxc1 32.Rxc1 Na6 33.Nd3 Nac5 34.Nxc5 Nxc5 35.Rd1 d3
36.Qc3 a4 37.Qe5 d2 38.Qd5 Qxd5 39.exd5 Nb3 40.Kf2 Kf8 41.Ke3 Ke7 42.Kd3 Kd6
43.Kc4 g5 44.h4 gxh4 45.gxh4 Ke5 46.Rf1 Kd6 47.Rd1 Ke5 48.Rf1 Kd6 49.Rd1  1/2-1/2

[Event "Trinec op9798"]
[Site "Trinec"]
[Date "1998.??.??"]
[Round "?"]
[White "Sergeev, Vladimir"]
[Black "Orsag, Milan"]
[Result "1/2-1/2"]
[WhiteElo "2455"]
[BlackElo "2350"]

1.d4 Nf6 2.Nf3 e6 3.c4 Bb4+ 4.Bd2 Qe7 5.g3 Nc6 6.Nc3 Bxc3 7.Bxc3 Ne4 8.Rc1 O-O
9.Bg2 d6 10.d5 Nxc3 11.Rxc3 Nb8 12.Qc2 e5 13.Nd2 a5 14.c5 Na6 15.cxd6 cxd6
16.Nc4 Qd8 17.Qb3 Nc5 18.Qb6 Na4 19.Qxd8 Rxd8 20.Rc2 b5 21.Nd2 Bf5 22.e4 Bd7
23.Nb3 Rdc8 24.Kd2 Rxc2+ 25.Kxc2 Kf8 26.Rc1 Ke7 27.Re1 Nc5 28.Nxc5 dxc5 29.f4 Kd6
30.Re3 f6 31.Kd2 a4 32.a3 g6 33.h4 h6 34.Rf3 Rb8 35.Kc2 Re8 36.Rf1 Rf8 37.Kd2 Rb8
38.Kc2 Re8 39.Kc3 Rf8 40.Re1 Rg8 41.Rf1 Rf8  1/2-1/2

[Event "Trinec op9798"]
[Site "Trinec"]
[Date "1998.??.??"]
[Round "?"]
[White "Hanko, Pavel"]
[Black "Ptacnikova, Lenka"]
[Result "1/2-1/2"]
[WhiteElo "2175"]
[BlackElo "2295"]

1.d4 Nf6 2.Nf3 e6 3.c4 Bb4+ 4.Bd2 Qe7 5.g3 Nc6 6.Bg2 Bxd2+ 7.Qxd2 Ne4 8.Qc2 Qb4+
9.Nc3 Nxc3 10.Qxc3 Qxc3+ 11.bxc3 d6 12.O-O Rb8 13.Rab1 Bd7 14.Rfd1 Ke7 15.c5 dxc5
16.dxc5 e5 17.Ne1 Na5 18.Nd3 f6 19.Nb4 Be6 20.Nd5+ Bxd5 21.Rxd5 Rbd8 22.Rb4 b6
23.f4 Nb7 24.cxb6 cxb6 25.fxe5 Rxd5 26.Bxd5 fxe5 27.Rh4 h6 28.Rg4 Kf6 29.h4 g5
30.Ra4 Na5 31.hxg5+ hxg5 32.c4 Rc8 33.Kf2 Rc5 34.Kf3 Kf5 35.g4+ Kf6 36.Ke4 Rc7
37.Kd3 Nb7 38.Kd2 Nc5 39.Ra3 e4 40.Rh3 Ke5 41.e3 b5 42.Rh8 bxc4 43.Bxc4 Re7
44.Rf8 Kd6 45.Kc3 Nd7 46.Rd8 Kc5 47.Rg8 Re5 48.Rc8+ Kd6 49.Kd4 Ra5 50.Re8 Nc5
51.Rd8+ Nd7 52.Kxe4 Ra4 53.Kd3 Ra3+ 54.Kd4 Ke7 55.Rg8 Ra4 56.Rg7+ Kd6 57.Rg6+ Ke7
58.Ra6 Rxa6 59.Bxa6 Kf6 60.Kd5 Ne5 61.Be2 Ng6 62.a4 a5 63.Bd3 Ne5 64.Bf5 Nf7
65.e4 Ne5 66.Kc5 Ke7 67.Kb5 Kd6 68.Kxa5 Kc5 69.Ka6 Kc6 70.a5 Nd3 71.Bc8 Kc7
72.Bf5 Kc6 73.Bg6 Ne5 74.Be8+ Kc7 75.Kb5 Nxg4 76.Kc5 Ne5 77.Bb5 g4 78.Kd4 g3
79.Ke3 Kd6 80.a6 Kc7 81.Bf1 Kb6 82.Kf4 Nc4 83.Kxg3 Nd2 84.Bd3 Nxe4+ 85.Bxe4  1/2-1/2

[Event "RUS-ch sf"]
[Site "Tula"]
[Date "1998.??.??"]
[Round "1"]
[White "Kalugin, Sergei"]
[Black "Mozaliov, SV."]
[Result "1/2-1/2"]
[WhiteElo "2240"]
[BlackElo "2285"]

1.d4 Nf6 2.Nf3 e6 3.c4 Bb4+ 4.Bd2 Qe7 5.g3 Nc6 6.a3 Bxd2+ 7.Qxd2 a5 8.Nc3 d6
9.Bg2 O-O 10.O-O e5 11.Nd5 Nxd5 12.cxd5 Nxd4 13.Nxd4 exd4 14.Qxd4 Bd7 15.Rac1 Rfc8
16.Rc2 c5 17.dxc6 Bxc6 18.Rfc1 Rd8 19.Bd5 Ra6 20.e3 Qe8 21.Rc4 h6 22.Qd2 Bxd5
23.Qxd5 Rb6 24.R1c2 Qe5 25.Qxe5 dxe5 26.Rc5 Rd1+ 27.Kg2 Rb1 28.Rxa5 R1xb2
29.Rxb2 Rxb2 30.Rxe5 b5 31.Re8+ Kh7 32.g4 Ra2 33.Rb8 Rxa3 34.Rxb5 Ra4 35.Kg3 g6
36.h3 Kg7 37.h4 Ra1 38.h5 Rg1+ 39.Kf4 g5+ 40.Kf5 Rg2 41.Rb2 Rg1 42.Rd2 Ra1
43.Ke4 Rg1 44.Kf3 Ra1 45.Rd4 Rg1 46.e4 Re1 47.Rd7 Kf6 48.Rd6+ Kg7 49.Rc6 Rg1
50.Rc2 Kf6 51.e5+ Kg7 52.Re2 Ra1 53.Rd2 Re1 54.Re2 Ra1 55.e6 fxe6 56.Rxe6 Ra4
57.Re7+ Kg8 58.Re4 Ra3+ 59.Kg2 Kg7 60.f4 gxf4 61.Rxf4 Rb3 62.Rf3 Rb4 63.Kg3 Ra4  1/2-1/2

[Event "RUS-ch sf"]
[Site "Tula"]
[Date "1998.??.??"]
[Round "5"]
[White "Zakharevich, Igor"]
[Black "Chuiko, Alexander"]
[Result "1-0"]
[WhiteElo "2530"]
[BlackElo "2355"]

1.d4 Nf6 2.c4 e6 3.Nf3 Bb4+ 4.Bd2 Qe7 5.g3 Nc6 6.Nc3 Bxc3 7.Bxc3 Ne4 8.Rc1 d6
9.d5 Nxc3 10.Rxc3 Nd8 11.Bg2 O-O 12.O-O a5 13.Qc2 Bd7 14.e4 c5 15.e5 dxe5
16.Nxe5 exd5 17.Nxd7 Qxd7 18.cxd5 b6 19.Qb3 Qd6 20.Qb5 g6 21.Re1 Ra7 22.a4 Kg7
23.Rb3 Rb7 24.Qe2 f6 25.Re3 Rc7 26.b3 Rff7 27.h4 h5 28.Re8 Rf8 29.Re3 Rff7
30.g4 hxg4 31.Qxg4 f5 32.Qg5 f4 33.Re6 Nxe6 34.Rxe6 Qxe6 35.dxe6 Rf6 36.Qe5 Re7
37.Bh3  1-0

[Event "JUG Cup"]
[Site "Ulcinj"]
[Date "1998.??.??"]
[Round "2"]
[White "Ivanisevic, Ivan"]
[Black "Drasko, Milan"]
[Result "0-1"]
[WhiteElo "2460"]
[BlackElo "2515"]

1.d4 e6 2.c4 Nf6 3.Nf3 Bb4+ 4.Bd2 c5 5.Bxb4 cxb4 6.Qd3 O-O 7.Nbd2 d6 8.e4 Nfd7
9.a3 bxa3 10.Qxa3 Qb6 11.Rb1 e5 12.d5 a5 13.b4 Na6 14.bxa5 Qc7 15.Nb3 Ndc5
16.Nfd2 f5 17.Be2 fxe4 18.O-O Bf5 19.Nxc5 Nxc5 20.Nb3 Nxb3 21.Rxb3 Rxa5 22.Rxb7 Qxb7
23.Qxa5 Qb2 24.Bd1 h6 25.Qc7 Qb4 26.c5 Qxc5 27.Qxc5 dxc5 28.Be2 Rc8 29.Rc1 Kf7
30.Ba6 Ra8 31.Bf1 Ra5 32.Rb1 Ke7 33.h4 Ra4 34.Rb7+ Kd6 35.Rxg7 Ra1 36.g4 e3
37.fxe3 Bd3 38.Rf7 c4 39.g5 c3 40.g6 Bxf1 41.g7 Bd3+ 42.Kf2 Bh7 43.Rf6+ Kxd5
44.Rxh6 Bg8 45.Rh8 Ra8 46.Ke2 Kc4 47.h5 c2  0-1

[Event "Mislata op7th"]
[Site "Valencia"]
[Date "1998.??.??"]
[Round "6"]
[White "Lozano Arribas, Carlos"]
[Black "Ayas Fernandez, Antonio"]
[Result "1/2-1/2"]
[WhiteElo "2205"]
[BlackElo "2300"]

1.Nf3 Nf6 2.d4 e6 3.c4 Bb4+ 4.Bd2 Qe7 5.Nc3 O-O 6.e3 b6 7.Be2 Bb7 8.O-O d6
9.a3 Bxc3 10.Bxc3 Ne4 11.Rc1 Nd7 12.Be1 f5 13.Nd2 Nxd2 14.Qxd2 Qg5 15.f3 e5
16.Bd1 Rad8 17.b4 c5 18.dxe5 dxe5 19.Qe2 Qe7 20.Ba4 Nf6 21.bxc5 bxc5 22.Ba5 Rd6
23.Rfd1 Ne8 24.Qb2 Ba6 25.Rxd6 Nxd6 26.Bc6 h6 27.Bd5+ Kh7 28.Qc2 e4 29.f4 Rb8
30.h3 Ne8 31.Bc3 Nf6 32.Be5 Rd8 33.Bxf6 Qxf6 34.Rb1  1/2-1/2

[Event "Villa Ballester op"]
[Site "Villa Ballester"]
[Date "1998.??.??"]
[Round "7"]
[White "Scarella, Enrique"]
[Black "Iacobacci, Eduardo"]
[Result "1-0"]
[WhiteElo "2380"]
[BlackElo "2195"]

1.d4 Nf6 2.Nf3 e6 3.c4 Bb4+ 4.Bd2 Qe7 5.g3 O-O 6.Bg2 Nc6 7.Nc3 d6 8.O-O Bxc3
9.Bxc3 Ne4 10.Rc1 a5 11.d5 Nxc3 12.Rxc3 Nb4 13.a3 Na6 14.dxe6 fxe6 15.Nd2 c6
16.e4 Nc5 17.e5 dxe5 18.Ne4 Ra6 19.Nxc5 Qxc5 20.Be4 g6 21.Qg4 Qe7 22.Rd1 Rb6
23.Rd2 c5 24.Rcd3 Qf6 25.h4 a4 26.h5 g5 27.Qd1 Qf7 28.Rf3 Qe7 29.Rxf8+ Kxf8
30.Rd8+ Kg7 31.Rxc8  1-0

[Event "Ardid mem 10th op"]
[Site "Zaragoza"]
[Date "1998.??.??"]
[Round "4"]
[White "Granero Roca, Antonio"]
[Black "Garcia Ilundain, David"]
[Result "1/2-1/2"]
[WhiteElo "2350"]
[BlackElo "2495"]

1.d4 Nf6 2.c4 e6 3.Nf3 Bb4+ 4.Bd2 a5 5.g3 d6 6.Bg2 Nbd7 7.Nc3 O-O 8.a3 Bxc3
9.Bxc3 Ne4 10.Qd3 Nxc3 11.Qxc3 a4 12.O-O Re8 13.c5 dxc5 14.dxc5 c6 15.Ne5 Qa5
16.Nxd7 Qxc3 17.bxc3 Bxd7 18.Rab1 Bc8 19.Rb4 Ra5 20.Rc1 e5 21.Kf1 g6 22.Ke1 Kg7
23.Kd2 Re7 24.Rcb1 f5 25.e3 Kf6 26.f4 Re8 27.c4 Re7 28.Bf3 g5  1/2-1/2

[Event "Ardid mem 10th op"]
[Site "Zaragoza"]
[Date "1998.??.??"]
[Round "8"]
[White "Eslon, Jaan"]
[Black "Garcia Ilundain, David"]
[Result "1/2-1/2"]
[WhiteElo "2345"]
[BlackElo "2495"]

1.d4 Nf6 2.c4 e6 3.Nf3 Bb4+ 4.Bd2 a5 5.g3 d6 6.Bg2 Nbd7 7.O-O e5 8.Bxb4 axb4
9.e3 O-O 10.Nbd2 h6 11.Qb3 c5 12.a3 bxa3  1/2-1/2

[Event "Untergrombach op"]
[Site "Untergrombach"]
[Date "1999.01.03"]
[Round "2"]
[White "Hoffmann, M."]
[Black "Ikonnikov, Vyacheslav"]
[Result "0-1"]
[WhiteElo "2440"]
[BlackElo "2555"]

1.d4 Nf6 2.c4 e6 3.Nf3 Bb4+ 4.Bd2 Qe7 5.a3 Bxd2+ 6.Nbxd2 d6 7.e3 e5 8.dxe5 dxe5
9.h3 O-O 10.Qc2 e4 11.Nd4 c5 12.Nb5 b6 13.g3 Bb7 14.Bg2 Nbd7 15.Nc3 Rfe8
16.O-O Nf8 17.Rfd1 h5 18.b4 h4 19.Nf1 cxb4 20.axb4 Qxb4 21.Nb5 Re7 22.Nd6 Bc6
23.Rd4 Ne6 24.Nf5 Rc7 25.Rd6 Qc5 26.g4 g6 27.Rxc6 Rxc6 28.Qc3 Ng5 29.Nxh4 Qxc4
30.Qe5 Qc3  0-1

[Event "Hastings Challengers"]
[Site "Hastings"]
[Date "1999.01.06"]
[Round "9"]
[White "Arkell, Keith C"]
[Black "Kiriakov, Petr"]
[Result "1-0"]
[WhiteElo "2475"]
[BlackElo "2545"]

1.d4 e6 2.c4 Nf6 3.Nf3 Bb4+ 4.Bd2 Qe7 5.g3 Nc6 6.Nc3 d5 7.cxd5 exd5 8.Bg2 O-O
9.O-O Re8 10.Re1 Bg4 11.a3 Bxc3 12.Bxc3 Bxf3 13.Bxf3 Qd7 14.Qd3 Ne4 15.Bd2 Nxd2
16.Qxd2 Ne7 17.b4 c6 18.a4 a6 19.Reb1 Nc8 20.b5 axb5 21.axb5 Nd6 22.bxc6 bxc6
23.e3 g6 24.Qc2 h5 25.Rxa8 Rxa8 26.Rc1 Rc8 27.h4 Nf5 28.Qc5 Ne7 29.Ra1 Kg7
30.Bg2 Rc7 31.Kh2 Qd8 32.Ra6 Qc8 33.Qa3 Qf5 34.Qa5 Rd7 35.Qa2 Qd3 36.Rb6 Rc7
37.Rb8 Qf5 38.Bh3 Qf6 39.Kg1 Qd6 40.Qa8 c5 41.Rh8 cxd4 42.Qf8+ Kf6 43.Rg8 Ke5
44.Qxf7 Ke4 45.Rf8 dxe3 46.Qf3+ Kd3 47.Bf1+  1-0

[Event "Rilton Cup 9899"]
[Site "Stockholm"]
[Date "1999.01.06"]
[Round "9"]
[White "Lindberg, Bengt"]
[Black "Schneider, Stefan"]
[Result "0-1"]
[WhiteElo "2305"]
[BlackElo "2320"]

1.d4 Nf6 2.Nf3 e6 3.c4 Bb4+ 4.Bd2 a5 5.a3 Be7 6.Nc3 d5 7.e3 O-O 8.Bd3 Nbd7
9.O-O b6 10.Qc2 Bb7 11.cxd5 exd5 12.Ne5 c5 13.f4 cxd4 14.exd4 Nxe5 15.fxe5 Ne4
16.Be3 f5 17.exf6 Bxf6 18.Nxe4 dxe4 19.Bc4+ Kh8 20.Qd2 Bd5 21.Rac1 Rc8 22.b3 Qd7
23.Kh1 Rfd8 24.Rfd1 b5 25.Bxd5 Qxd5 26.b4 a4 27.Rc5 Qb3 28.Qc1 Rxc5 29.bxc5 h6
30.h3 Kh7 31.Bg1 Kg6 32.Qb1 Qxb1 33.Rxb1 Bxd4 34.Rxb5 e3 35.Rb6+ Kf5 36.g4+ Ke4
37.Re6+ Kd5 38.Rxe3 Bxe3 39.Bxe3 Re8 40.Bd2 Kxc5 41.Bb4+ Kc4 42.Kg2 Re3 43.h4 g6
44.Bf8 h5 45.gxh5 gxh5 46.Bd6 Rd3 47.Be7 Kb3 48.Kf2 Kb2 49.Bf6+ Kxa3 50.Ke2 Rh3
51.Kd2 Kb3  0-1

[Event "BL2-N9899"]
[Site "Germany"]
[Date "1999.01.10"]
[Round "4.6"]
[White "Heuer, Thomas"]
[Black "Michalski, Olaf"]
[Result "0-1"]
[WhiteElo "2280"]
[BlackElo "2305"]

1.Nf3 Nf6 2.d4 e6 3.c4 Bb4+ 4.Bd2 Qe7 5.Nc3 b6 6.g3 Ba6 7.Qb3 O-O 8.Bg2 Bb7
9.O-O a5 10.Rfd1 d6 11.Rac1 Nbd7 12.Ne1 Bxg2 13.Nxg2 Bxc3 14.Bxc3 Ne4 15.Be1 f5
16.Qc2 Qf7 17.b3 e5 18.dxe5 Nxe5 19.Bc3 Rae8 20.Bd4 Ng5 21.Nf4 Ng6 22.e3 Nxf4
23.exf4 Nf3+ 24.Kg2 Qh5 25.Be3 Rf6 26.Rh1 Nh4+ 27.gxh4 Rg6+ 28.Kf1 Rxe3  0-1

[Event "Hamburg IM"]
[Site "Hamburg"]
[Date "1999.01.13"]
[Round "2"]
[White "Lamprecht, Frank"]
[Black "Buhr, Carl Christian"]
[Result "1/2-1/2"]
[WhiteElo "2395"]
[BlackElo "2320"]

1.d4 Nf6 2.Nf3 e6 3.c4 Bb4+ 4.Bd2 Qe7 5.a3 Bxd2+ 6.Qxd2 d6 7.Nc3 e5 8.dxe5 dxe5
9.Qg5 Nc6 10.Nd5 Nxd5 11.cxd5 Qxg5 12.Nxg5 Ne7 13.O-O-O f6 14.Ne4 Nf5 15.e3 Nd6
16.Nxd6+ cxd6 17.Kd2 Bf5 18.Bd3 Bxd3 19.Kxd3 Rc8 20.Rc1 Kd7 21.Rhd1 f5 22.f3  1/2-1/2

[Event "South Wales 2nd"]
[Site "Newport"]
[Date "1999.01.13"]
[Round "5"]
[White "Baker, Chris W"]
[Black "Crouch, Colin S"]
[Result "0-1"]
[WhiteElo "2390"]
[BlackElo "2430"]

1.d4 Nf6 2.Nf3 e6 3.c4 Bb4+ 4.Bd2 Bxd2+ 5.Qxd2 Qe7 6.g3 Nc6 7.Nc3 d5 8.Bg2 dxc4
9.O-O O-O 10.Rfd1 Rb8 11.e4 b5 12.e5 Nd5 13.Ne4 Rd8 14.Rac1 Bd7 15.Nc5 Be8
16.h4 Ndb4 17.a3 Na2 18.Ra1 Nxd4 19.Nxd4 Qxc5 20.Rxa2 Qxe5 21.Bf3 c5 22.Nc6 Rxd2
23.Nxe5 Rxd1+ 24.Bxd1 Rd8 25.Ra1 f6 26.Nf3 Bh5 27.Be2 a5 28.Kf1 a4 29.Ke1 Kf8
30.Rd1 Rxd1+ 31.Kxd1 Ke7 32.Nd2 Bxe2+ 33.Kxe2 Kd6 34.Ne4+ Kc6 35.h5 b4 36.Kd2 h6
37.Kc2 Kd5 38.Nd2 Kd4 39.Nf1 Ke4 40.Ne3 c3 41.bxc3 bxa3 42.Nc4 Kf3 43.Nxa3 Kxf2
44.Kd3 f5 45.Kc4 Kxg3 46.Kxc5 f4 47.Kb4 f3 48.Nc2 Kf4 49.Ne1 e5 50.Nd3+ Kg3
51.c4 e4 52.c5 exd3 53.c6 d2 54.c7 d1=Q 55.c8=Q Qd4+ 56.Ka3 f2 57.Qc7+ Kh3
58.Qc8+ Qg4 59.Qf8 Kg2  0-1

[Event "Ubeda op"]
[Site "Ubeda"]
[Date "1999.01.22"]
[Round "3"]
[White "Rashkovsky, Nukhim N"]
[Black "Maherramzade, Javad"]
[Result "1-0"]
[WhiteElo "2535"]
[BlackElo "2440"]

1.d4 Nf6 2.c4 e6 3.Nf3 Bb4+ 4.Bd2 Qe7 5.g3 Nc6 6.Bg2 Bxd2+ 7.Nbxd2 O-O 8.O-O d6
9.e4 e5 10.d5 Nb8 11.b4 a5 12.a3 Na6 13.Ne1 Bg4 14.f3 Bd7 15.Nd3 c6 16.dxc6 bxc6
17.Qc2 d5 18.c5 dxe4 19.fxe4 Ng4 20.Nc4 Be6 21.Nxa5 Ne3 22.Qc3 Nxf1 23.Bxf1 f6
24.Nxc6 Qc7 25.b5 Nb8 26.Nxb8 Raxb8 27.Nb4 Rbc8 28.Rc1 f5 29.b6 Qf7 30.c6 fxe4
31.Qe3 Ra8 32.b7 Rxa3 33.Qxa3 Qf2+ 34.Kh1 e3 35.Bg2 e2 36.Nd3 Qb6 37.Qxf8+ Kxf8
38.c7  1-0

[Event "Maalox Plus op"]
[Site "Brasilia"]
[Date "1999.01.24"]
[Round "6"]
[White "Hoffman, Alejandro"]
[Black "D'Israel, Davy"]
[Result "1-0"]
[WhiteElo "2525"]
[BlackElo "2240"]

1.d4 Nf6 2.c4 e6 3.Nf3 Bb4+ 4.Bd2 Qe7 5.g3 Nc6 6.Bg2 Bxd2+ 7.Nbxd2 d6 8.Nf1 O-O
9.Ne3 a5 10.O-O Bd7 11.Rc1 Rfb8 12.Qc2 Ra7 13.Qb1 b5 14.d5 Nb4 15.dxe6 fxe6
16.cxb5 Rxb5 17.Nd4 Rb8 18.a3 c5 19.Nf3 Nc6 20.Rfd1 Rab7 21.Rd2 a4 22.Ng5 Rb3
23.Nd5 exd5 24.Bxd5+ Kf8 25.Nxh7+ Ke8 26.Qg6+ Kd8 27.Nxf6 Qxf6 28.Qxf6+ gxf6
29.Bxb3 Rxb3 30.Rxd6 Ke7 31.Rd2 Rb5 32.Rc4 Ra5 33.Rh4 Be8 34.Rh7+ Ke6 35.h4 Bg6
36.Rg7 Ne7 37.g4 c4 38.h5  1-0

[Event "RUS-Cup03 (Geller mem)"]
[Site "Moscow"]
[Date "1999.02.08"]
[Round "7"]
[White "Korotylev, Alexey"]
[Black "Kiriakov, Petr"]
[Result "1/2-1/2"]
[WhiteElo "2440"]
[BlackElo "2564"]

1.d4 e6 2.c4 Nf6 3.Nf3 Bb4+ 4.Bd2 Qe7 5.g3 Nc6 6.Nc3 d5 7.a3 Bxc3 8.Bxc3 O-O
9.Bg2 Ne4 10.Qc2 a5 11.b3 Bd7 12.Bb2 Rfd8 13.O-O Be8 14.Rfd1 f5 15.Ne1 Kh8
16.f3 Nf6 17.Nd3 a4 18.b4 Na7 19.Re1 Nc8 20.Nf4 dxc4 21.Qxc4 Nd5 22.Qc1 Nxf4
23.Qxf4 Qd6 24.Qg5 h6 25.Qc1 Ne7 26.e4 Ng8 27.Qc3 Rd7 28.Bh3 fxe4 29.Rxe4 Re7
30.Rae1 Bc6 31.Rxe6 Rxe6 32.Rxe6 Qd5 33.Re3 Nf6 34.Bg2 Qd7 35.Re1 Bd5 36.Bc1 Bb3
37.Qd3 Rd8 38.Be3 c6 39.Bf2 Nd5 40.h4 Qf7 41.Re4 Rf8 42.Qd2 Nf6 43.Re1 Nd5
44.Re2 Qg6 45.Qe1 Qd3 46.Re8 Rxe8 47.Qxe8+ Kh7 48.Qe4+ Qxe4 49.fxe4 Nc3  1/2-1/2

[Event "RUS-Cup03 (Geller mem)"]
[Site "Moscow"]
[Date "1999.02.10"]
[Round "1"]
[White "Kirusha, Andrey"]
[Black "Kiriakov, Petr"]
[Result "0-1"]
[WhiteElo "2365"]
[BlackElo "2564"]

1.d4 e6 2.c4 Nf6 3.Nf3 Bb4+ 4.Bd2 Qe7 5.g3 Nc6 6.Bg2 Bxd2+ 7.Nbxd2 d6 8.O-O O-O
9.e4 e5 10.d5 Nb8 11.Ne1 Ng4 12.Nd3 f5 13.exf5 Bxf5 14.Ne4 Nd7 15.Qe2 Rae8
16.Rae1 Ngf6 17.b3 Qf7 18.Qe3 b6 19.f3 a5 20.a3 Qg6 21.Ndf2 Kh8 22.Nxf6 Nxf6
23.Ne4 Nd7 24.Rc1 h6 25.Nf2 Nf6 26.Rfe1 Bd7 27.Bf1 Nh7 28.Bd3 Qf7 29.Bxh7 Kxh7
30.Rc3 Qg6 31.Kg2 Rf7 32.Qe2 Ref8 33.h4 Kg8 34.Ne4 Bc8 35.Rh1 Qf5 36.h5 Qd7
37.g4 Rf4 38.b4 axb4 39.axb4 Qf7 40.Rd1 Bb7 41.Ng3 b5 42.Qe3 bxc4 43.Ne2 Rf6
44.Qe4 Ba6 45.Kg3 Qd7 46.Kg2 Qb5 47.Ng3 Qxb4 48.Qe3 Rxf3 49.Qxf3 Rxf3 50.Rxf3 c3
51.Kh3 Bc8 52.Nf5 c2 53.Rg1 Kh7 54.Ne3 Qd2  0-1

[Event "Goodricke 10th op"]
[Site "Calcutta"]
[Date "1999.02.11"]
[Round "6"]
[White "Yogesh, Gore"]
[Black "Roktim, Bandyopadhyay"]
[Result "1-0"]
[WhiteElo "2320"]
[BlackElo "2370"]

1.d4 Nf6 2.Nf3 e6 3.c4 Bb4+ 4.Bd2 Qe7 5.a3 Bxd2+ 6.Nbxd2 d6 7.e3 e5 8.Qc2 O-O
9.Bd3 Nc6 10.O-O-O Bg4 11.d5 Nb8 12.Rdg1 c6 13.dxc6 Bxf3 14.gxf3 bxc6 15.Ne4 Nbd7
16.Ng3 g6 17.h4 Nc5 18.h5 Nxd3+ 19.Qxd3 d5 20.Nf5 Qe6 21.c5 Nd7 22.Qc2 Kh8
23.Nd6 Kg7 24.f4 Kf6 25.hxg6 hxg6 26.f5  1-0

[Event "RUS-Cup03 (Geller mem)"]
[Site "Moscow"]
[Date "1999.02.11"]
[Round "2"]
[White "Kulikov, Alexander O"]
[Black "Ovetchkin, Roman"]
[Result "1/2-1/2"]
[WhiteElo "2405"]
[BlackElo "2511"]

1.d4 Nf6 2.c4 e6 3.Nf3 Bb4+ 4.Bd2 Qe7 5.g3 Nc6 6.Bg2 Bxd2+ 7.Nbxd2 d6 8.Nf1 e5
9.Ne3 O-O 10.O-O Bg4 11.Nxg4 Nxg4 12.e3 f5 13.Qb3 e4 14.Nd2 Rab8 15.Rae1 Kh8
16.f3 exf3 17.Nxf3 Nf6 18.d5 Ne5 19.Nd4 Nfd7 20.Nxf5 Qg5 21.e4 Nc5 22.Qc3 a5
23.h4 Qg4 24.Rf4 Qh5 25.Qxa5 b6 26.Qc3 Ncd3 27.Re3 Nxf4 28.gxf4 Rxf5 29.exf5 Ng4
30.Re7 Rg8 31.Qe1 Nf6 32.Qg3 Qxf5 33.Rxc7 Qb1+ 34.Kh2 Qxb2 35.a4 Qd4 36.Rc6 Nh5
37.Qg5 Nxf4 38.Rxd6 Nxg2 39.Kxg2 Qe4+ 40.Kh2 Qc2+ 41.Kh3 h6 42.Qf4 Qd3+ 43.Kg2 Qe2+
44.Kh3 Qd3+ 45.Kg2 Re8 46.Re6 Rxe6 47.dxe6 Qe2+ 48.Kg3 Qxe6 49.Qd4 Qc6  1/2-1/2

[Event "Cappelle op"]
[Site "Cappelle la Grande"]
[Date "1999.02.14"]
[Round "2"]
[White "Golod, Vitali"]
[Black "Gipslis, Aivars"]
[Result "1-0"]
[WhiteElo "2554"]
[BlackElo "2470"]

1.d4 Nf6 2.c4 e6 3.Nf3 Bb4+ 4.Bd2 Qe7 5.g3 Nc6 6.Bg2 Bxd2+ 7.Nbxd2 d6 8.e4 a5
9.O-O e5 10.d5 Nb8 11.Ne1 Bg4 12.Qb3 b6 13.f4 Bd7 14.Nd3 O-O 15.c5 Na6 16.c6 Bc8
17.Qc3 Ng4 18.Nf2 Nc5 19.Nxg4 Bxg4 20.f5 f6 21.h3 Bh5 22.g4 Bf7 23.Qe3 g6
24.h4 gxf5 25.Rxf5 Bg6 26.Rf3 h6 27.Qxh6 Qh7 28.Qxh7+ Bxh7 29.Re3 Rf7 30.Kf2 Rg7
31.Bf3 Kf7 32.Rg1 Rag8 33.Rg3 Ke7 34.Be2 Bg6 35.b3 Rh8 36.Rh3 Rb8 37.Bb5 Bh7
38.Rhg3 Rbg8 39.Be2 Rb8 40.a3 b5 41.b4 Na6 42.Rb3 axb4 43.axb4 Rb6 44.Rg1  1-0

[Event "BL2-S9899"]
[Site "Germany"]
[Date "1999.02.21"]
[Round "6.3"]
[White "Karolyi, Tibor Jr"]
[Black "Holzhaeuer, Mathias"]
[Result "1/2-1/2"]
[WhiteElo "2431"]
[BlackElo "2330"]

1.d4 Nf6 2.c4 e6 3.Nf3 Bb4+ 4.Bd2 Qe7 5.g3 Nc6 6.Nc3 Bxc3 7.Bxc3 Ne4 8.Qc2 Nxc3
9.Qxc3 Qb4 10.Kd2 a5 11.e4 d6 12.h3 e5 13.d5 Qxc3+ 14.Kxc3 Nb8 15.Bd3 O-O
16.Nh4 Nd7 17.b3 g6 18.Bc2 Nc5 19.f4 exf4 20.gxf4 Re8 21.Kd4 f6 22.Nf3 b6
23.Rag1 Re7 24.h4 Rg7 25.a3 Bd7 26.b4 axb4 27.axb4 Ra3 28.Ne1 Re7 29.b5  1/2-1/2